|
|
|
|
| LEADER |
00653nab a2200193 i 4500 |
| 001 |
publ5495 |
| 005 |
20220801084137.0 |
| 008 |
150911s2006 hu o 0|| zxx d |
| 022 |
|
|
|a 1754-369X
|
| 024 |
7 |
|
|a 1215275
|2 mtmt
|
| 040 |
|
|
|a SZTE Publicatio Repozitórium
|b hun
|
| 041 |
|
|
|a zxx
|
| 100 |
1 |
|
|a Kemény Lajos
|
| 245 |
1 |
0 |
|a New developments and applications in phototherapy
|h [elektronikus dokumentum] /
|c Kemény Lajos
|
| 260 |
|
|
|c 2006
|
| 300 |
|
|
|a 2-4
|
| 490 |
0 |
|
|a EUROPEAN DERMATOLOGY REVIEW
|v 206
|
| 650 |
|
4 |
|a Bőrgyógyászat és nemibeteg-gondozás
|
| 856 |
4 |
0 |
|u http://publicatio.bibl.u-szeged.hu/5495/1/1215275_EDR_Kem%C3%A9ny.pdf
|z Dokumentum-elérés
|